• 首页
  • 本馆介绍
  • 公告通知
  • 最新文献
  • 馆藏检索
  • 电子资源
  • 读者导购
  • 参考咨询
  • 我的图书馆
  • 登录
  • 详细信息显示
  • 放入我的书架
  • 预约/预借图书
  • 作者相关作品
  • 分类相关作品
  • 丛书相关作品
  • 出版社相关作品

书目信息

  • 表格格式
  • 工作单格式
  • 卡片格式
题名:
华北日光温室SPAC系统水热传输理论与模型应用
    
 
作者: 龚雪文 著
分册:  
出版信息: 北京   中国农业出版社  2019.10
页数: 152页
开本: 24cm
丛书名:
单 册:
中图分类: S161.2
科图分类:
主题词: 日光温室--ri guang wen shi--土壤-植物-大气连续体系统--热交换--研究--华北地区
电子资源:
ISBN: 978-7-109-25934-8
000 01500nam0 2200253 450
001 0109110229
005 20201109110339.0
010    @a978-7-109-25934-8@dCNY48.00
100    @a20200601d2019 em y0chiy50 ea
101 0  @achi
102    @aCN@b110000
105    @aa z 000yy
106    @ar
200 1  @a华北日光温室SPAC系统水热传输理论与模型应用@Ahua bei ri guang wen shi SPAC xi tong shui re chuan shu li lun yu mo xing ying yong@f龚雪文著
210    @a北京@c中国农业出版社@d2019.10
215    @a152页@c图@d24cm
300    @a国家自然科学基金项目河南省重点研发与推广项目联合资助出版
330    @a本书主要介绍华北地区日光温室内土壤—作物—大气各系统之间水分和热量传输理论,并介绍几种常用估算温室作物需水量的模型,主要包括:田间试验方法与技术分析,日光温室内部环境特征及水热通量动态变化研究,水分对番茄生理生态指标的影响研究,温室内不同空间尺度蒸发蒸腾量变化及作物系数研究,日光温室蒸发蒸腾量估算模型分析与评价,温室滴灌下番茄根系层水热分布与模拟等研究。全书理论与技巧相结合,内容翔实,层次分明,具有较强的实用性。本书可供从事或涉及节水灌溉的技术人员参考阅读,同时也适合高等院校相关专业的师生和科研人员在教学、生产和工作中查阅使用。
333    @a本书可供从事或涉及节水灌溉的技术人员参考阅读,同时也适合高等院校相关专业的师生和科研人员在教学、生产和工作中查阅使用。
606 0  @a日光温室@Ari guang wen shi@x土壤-植物-大气连续体系统@x热交换@x研究@y华北地区
690    @aS161.2@v5
701  0 @a龚雪文@Agong xue wen@4著
801  0 @aCN@bBJSZM@c20201103
905    @b1241267-70@dS161.2@e131@f4
    
    华北日光温室SPAC系统水热传输理论与模型应用/龚雪文著.-北京:中国农业出版社,2019.10
    152页:图;24cm
    国家自然科学基金项目河南省重点研发与推广项目联合资助出版.-使用对象:本书可供从事或涉及节水灌溉的技术人员参考阅读,同时也适合高等院校相关专业的师生和科研人员在教学、生产和工作中查阅使用。
    
    ISBN 978-7-109-25934-8:CNY48.00
    本书主要介绍华北地区日光温室内土壤—作物—大气各系统之间水分和热量传输理论,并介绍几种常用估算温室作物需水量的模型,主要包括:田间试验方法与技术分析,日光温室内部环境特征及水热通量动态变化研究,水分对番茄生理生态指标的影响研究,温室内不同空间尺度蒸发蒸腾量变化及作物系数研究,日光温室蒸发蒸腾量估算模型分析与评价,温室滴灌下番茄根系层水热分布与模拟等研究。全书理论与技巧相结合,内容翔实,层次分明,具有较强的实用性。本书可供从事或涉及节水灌溉的技术人员参考阅读,同时也适合高等院校相关专业的师生和科研人员在教学、生产和工作中查阅使用。
●
相关链接 在E读中查询图书 在五车中查询图书 在当当中查询图书 在豆瓣中查询图书


正题名:华北日光温室SPAC系统水热传输理论与模型应用     索取号:S161.2/131         预约/预借

序号 登录号 条形码 馆藏地/架位号 状态 备注
1 1241267   212412673   第二样本阅览室/ [索取号:S161.2/131] 在馆    
2 1241268   212412682   第三借阅区/ [索取号:S161.2/131] 在馆    
3 1241269   212412691   第三借阅区/ [索取号:S161.2/131] 在馆    
4 1241270   212412708   第三借阅区/ [索取号:S161.2/131] 在馆    
唐山师范学院图书馆 欢迎您!
大连网信软件有限公司© 版权所有